书目信息 |
| 书名: | Moving millions | |
| 作者: | Jeffrey Kaye | |
| 分册号: | ||
| 分册名: | 出版地: | Hoboken |
|
| 出版社: | J. Wiley & Sons | |
| 出版时间: | 2010 | |
| 页数: | 310P | |
| 开本: | 25CM | |
| 丛书名: | ||
| 中图分类号: | ||
| 科图分类号: | ||
| 其他分类号: | C912.8 | |
| 主题词: | ||
| 电子资源: | ||
| 000 | 00370nam0 2200133 450 | |
| 001 | 202012002829 | |
| 005 | 20121130153233.0 | |
| 008 | 12113001s | |
| 020 | @a9780470423349@bHARD@c$27.95 | |
| 099 | @dC912.8@eJ46 | |
| 245 | @aMoving millions@cJeffrey Kaye | |
| 260 | 0 | @aHoboken@b J. Wiley & Sons@c2010 |
| 300 | @a310P@c25CM | |
| 905 | @aTSG@b13696-7@dC912.8@eJ46 | |
| Moving millions / Jeffrey Kaye.-Hoboken : J. Wiley & Sons , 2010 |
| 310P ; 25CM |
| ISBN 9780470423349HARD$27.95 |
| ● |
| 相关链接 |
|
|
|
正题名:Moving millions
索取号:C912.8/J46
 
预约/预借
| 序号 | 登录号 | 条形码 | 馆藏地/架位号 | 状态 | 备注 |
| 1 | 13696 | 300136966 | 社科库509/509社科库 131排1列3层/ [索取号:C912.8/J46] | 在馆 | |
| 2 | 13697 | 300136975 | 社科库509/509社科库 131排1列3层/ [索取号:C912.8/J46] | 在馆 |